| 000 | 00726nam a22002057a 4500 | ||
|---|---|---|---|
| 005 | 20240229113137.0 | ||
| 008 | 090826t xxu||||| |||| 00| 0 eng d | ||
| 010 | _aENG-139481 | ||
| 020 |
_a978819254303000 _c500.00 |
||
| 035 | _aEN-123013 | ||
| 037 | _bDBAD/PUB | ||
| 082 |
_a306.6 _22nd |
||
| 100 |
_aR.N.P Singh _962499 |
||
| 245 |
_aIslam and Religions Riots: _bA Case Study Riots and Wrongs/ _cBy R.N.P Singh |
||
| 250 | _a2nd | ||
| 260 |
_bCarried A Unit of Samarth Trust _aNew Delhi _c2012 |
||
| 270 |
_aPost Box No. 7312 Sriniwaspuri _bNew Delhi _e110065 |
||
| 300 |
_a364p. _c25cm(hb) |
||
| 942 |
_2ddc _cEN _h306.6 _mRNP _e2nd |
||
| 999 |
_c201120 _d201120 |
||